000 00598cam a2200205 b 4500
003 3228
005 20231023121758.0
008 2023 s2023 nju 001 0 eng
020 _a9780470450017
040 _c3228
082 0 0 _a658.4092 KUSH
100 1 _aKush, Brian D.
_9120185
245 1 0 _aAuditing leadership :
_bthe professional and leadership skills you need /
_cBrian D. Kush.
260 _aHoboken, N.J. :
_bWiley,
_cc2009.
300 _axiii, 238 pages;
_c24 cm.
500 _aIncludes index.
650 0 _aLeadership.
_9172457
650 0 _aAuditors.
_9183277
942 _2ddc
_cBOOK
_w169
_xBoniswa Ngcongolo
_y169
_zBoniswa Ngcongolo
999 _c759164
_d759163